00672nam a22002177a 4500003000500000005001700005008004100022010000800063011000900071035000800080040000900088100002100097245010300118260007300221300000900294490003600303500001100339501003800350650003000388830003600418CHAP20220329132932.0971013s1979 r 00010 d a409 a1381 a557 cCHAP00aMac Lean, Colin. aRelative densityb: the key to stocking assesment in regional analysis: a forest survey wieu point a[s.l.] :bPacific Notheat Forest and Range Experiment Station,c1979 a5 p. aGeneral Technical report PNW-78 a36-122 aEnc. con otros impresos similares14aÁrbolesxEspaciamiento.0 aGeneral Technical report PNW-78